|
|
|
|
| LEADER |
00000nam a2200000 a 4500 |
| 001 |
vtls008311937 |
| 003 |
SK-MaSNL |
| 005 |
20260301041148.0 |
| 008 |
190102s1974 xo 000 slo |
| 015 |
|
|
|a SKSNBA1974/01-00017
|
| 035 |
|
|
|a SK01SNK19740004154
|
| 035 |
|
|
|a SKM000006617
|
| 040 |
|
|
|a SNK
|b slo
|c SNK
|e AACR2
|
| 041 |
1 |
|
|a slo
|
| 044 |
|
|
|a xo
|c SK
|
| 080 |
|
|
|a 943.72+943.76"08/09"
|2 1981
|
| 080 |
|
|
|a 885.4
|2 1981
|
| 080 |
|
|
|a 943.76"08/09"
|2 1981
|
| 100 |
1 |
|
|a Zúbek, Ľudo,
|d 1907-1969
|4 aut
|9 86505
|
| 245 |
1 |
0 |
|a Ríša Svätoplukova
|c Ľudo Zúbek ; ilustr. František Hűbel
|
| 250 |
|
|
|a 2 vyd.
|
| 260 |
|
|
|a Bratislava
|b Mladé letá
|c 1974
|e Martin
|f Tlačiarne SNP
|
| 300 |
|
|
|a 180, [3] s.
|c 8°
|
| 500 |
|
|
|a Pramene. Pozn. Odkazy na lit. v texte. Schémy. Ilustr. tit. dvojlist. Predsádky
|
| 521 |
|
|
|a Pre čitateľov od 15 rokov
|
| 563 |
|
|
|a 6000 výtl.
|
| 651 |
|
7 |
|a Veľká Morava
|x dejiny
|2 SNKPHgeo
|9 14337
|
| 655 |
|
7 |
|a umelecká literatúra
|2 SNKPH
|9 60405
|
| 700 |
1 |
|
|a Hübel, František,
|d 1934-1978
|4 ill
|9 120570
|
| 852 |
|
|
|a Slovenská národná knižnica v Martine
|b 10000
|h SC 32793
|
| 852 |
|
|
|a Slovenská národná knižnica v Martine
|b 10000
|h SC 32793 D1
|
| 919 |
|
|
|a viaz.
|
| 958 |
|
|
|a OND
|
| 958 |
|
|
|a TL
|
| 958 |
|
|
|a RK
|
| 958 |
|
|
|a NB
|
| 958 |
|
|
|a DB
|
| 999 |
|
|
|c 587744
|d 589674
|
| 952 |
|
|
|a SNK
|b SNK
|y VYP
|7 0
|p 17A0943512
|o snkSC 32793 D1
|i snkKSP 897/74
|0 0
|1 0
|4 0
|d 2012-07-03
|l 0
|r 2026-02-23 15:14:29
|w 2026-02-23
|